000 00791nam a2200181Ia 4500
008 100920s9999 xx 000 0 und d
082 _b27052
_a410 थ 73
100 _aबापट प्रभाकर वासुदेव /गोडबोले नारायण वासुदेव.
245 _aमराठी कादंबरी (तंत्र आणि विकास).
260 _bव्हीनस प्रकाशन, पुणे.
_c1973
300 _a447
_bसाधी
365 _b30
520 _aभाषा.
630 _aमराठी कादंबरी (तंत्र आणि विकास).
650 _aभाषा.
730 _aमराठी कादंबरी (तंत्र आणि विकास).
942 _cBOOK
999 _c684057
_d684054